[Event "Eurasian Blitz Chess Cup"]
[Site "Almaty KAZ"]
[Date "2016.06.19"]
[Round "22.11"]
[White "Sjugirov, Sanan"]
[Black "Shoker, Samy"]
[Result "1-0"]
[WhiteTitle "GM"]
[BlackTitle "GM"]
[WhiteElo "2665"]
[BlackElo "2489"]
[WhiteFideId "4189302"]
[BlackFideId "627143"]
[EventDate "2016.06.18"]

1. d4 g6 2. Nf3 Bg7 3. c3 d6 4. Bg5 h6 5. Bh4 Nf6 6. Nbd2 O-O 7. e3 Qe8 8. Bc4
e5 9. O-O Nc6 10. a4 Kh7 11. a5 a6 12. b4 Nd7 13. h3 f5 14. Bg3 g5 15. Qb1 Qg6
16. dxe5 Ndxe5 17. Bd5 Be6 18. Nxe5 dxe5 19. Bxe6 Qxe6 20. f3 Rad8 21. Qc2 Rf7
22. e4 f4 23. Bf2 h5 24. Rad1 Rg8 25. Qb3 Qg6 26. Rfe1 g4 27. hxg4 hxg4 28. Kf1
gxf3 29. gxf3 Bh6 30. Ke2 Rfg7 31. Rh1 Qf7 32. Qd5 Rd8 33. Qxf7 Rxf7 34. Nb3
Rxd1 35. Kxd1 Kg6 36. Ke2 Bf8 37. Bc5 Bg7 38. Bf2 Bf8 39. Rg1+ Kf6 40. Bc5 Bd6
41. Bxd6 cxd6 42. Nd2 Nd8 43. Nc4 Rc7 44. Kd3 Nf7 45. Nb6 Rc6 46. Nd5+ Ke6 47.
Rg8 Kd7 48. c4 Ke6 49. Re8+ 1-0

[Event "Eurasian Blitz Chess Cup"]
[Site "Almaty KAZ"]
[Date "2016.06.19"]
[Round "22.12"]
[White "Megaranto, Susanto"]
[Black "Jumabayev, Rinat"]
[Result "1-0"]
[WhiteTitle "GM"]
[BlackTitle "GM"]
[WhiteElo "2535"]
[BlackElo "2613"]
[WhiteFideId "7101384"]
[BlackFideId "13702661"]
[EventDate "2016.06.18"]

1. d4 Nf6 2. Nf3 e6 3. Bg5 h6 4. Bh4 c5 5. e3 Nc6 6. c3 Qb6 7. Qb3 d5 8. Nbd2
Be7 9. Be2 O-O 10. O-O Re8 11. Rfe1 Bd7 12. h3 Rac8 13. Bg3 Na5 14. Qxb6 axb6
15. Ne5 Nc6 16. Nxd7 Nxd7 17. a3 f5 18. Rad1 Nf6 19. f3 Bf8 20. Bb5 Red8 21. Bd3
Rd7 22. Bb5 Rdd8 23. h4 g5 24. hxg5 hxg5 25. Bxc6 bxc6 26. Be5 Nd7 27. f4 Nxe5
28. dxe5 g4 29. Kf2 Rd7 30. Nb3 Rh7 31. Rh1 Rcc7 32. Ra1 Ra7 33. Rxh7 Kxh7 34.
Ke2 b5 35. Rh1+ Kg7 36. Kd2 Be7 37. Ra1 Ra8 38. Rh1 Ra4 39. Ra1 Ra8 40. Rh1 Rh8
41. Rxh8 Kxh8 42. Na5 Bh4 43. Nxc6 Kg7 44. b4 cxb4 45. cxb4 Kf7 46. Nd4 1-0

[Event "Eurasian Blitz Chess Cup"]
[Site "Almaty KAZ"]
[Date "2016.06.19"]
[Round "22.13"]
[White "Jones, Gawain C B"]
[Black "Kazhgaleyev, Murtas"]
[Result "1-0"]
[WhiteTitle "GM"]
[BlackTitle "GM"]
[WhiteElo "2650"]
[BlackElo "2582"]
[WhiteFideId "409561"]
[BlackFideId "13700316"]
[EventDate "2016.06.18"]

1. e4 e5 2. Nf3 d6 3. d4 exd4 4. Nxd4 Nf6 5. Nc3 Be7 6. g3 Nc6 7. Bg2 Ne5 8. h3
O-O 9. f4 Ng6 10. Be3 Re8 11. Qe2 Bf8 12. O-O-O c6 13. g4 Nh4 14. g5 Nxg2 15.
Qxg2 Nh5 16. Qf3 g6 17. f5 Qe7 18. Rhf1 Bd7 19. Kb1 b5 20. Ndxb5 cxb5 21. fxg6
fxg6 22. Nd5 Qg7 23. Nc7 Bc6 24. Nxa8 Bxe4 25. Qg4 Bxa8 26. Bd4 Qe7 27. Bc3 Be4
28. Rde1 d5 29. a3 Bg7 30. Bxg7 Nxg7 31. Qf4 Nf5 32. h4 Qc5 33. Re2 Qc4 34. Rff2
b4 35. axb4 Qxb4 36. h5 Qd6 37. Qxd6 Nxd6 38. Rf6 Nc4 39. b3 Ne5 40. h6 Rc8 41.
Kb2 Nf7 42. c4 Nxg5 43. cxd5 Bxd5 44. Re5 Ne4 45. Ra6 Bc6 46. Rxa7 Nf6 47. Rg7+
Kh8 48. Rf7 Ng4 49. Ree7 Nxh6 50. Rxh7+ Kg8 51. Rxh6 Kf8 52. Reh7 Be8 53. Rh8+
Kg7 54. R6h7+ Kf6 55. Rh2 g5 56. Re2 Bd7 57. Rxc8 Bxc8 58. Kc3 g4 59. Kd4 Kf5
60. Rf2+ Ke6 61. Rf8 Bb7 62. Rg8 Kf5 63. Ke3 Bf3 64. b4 Ke6 65. Rd8 Ke7 66. Rd4
Ke6 67. b5 Bb7 68. b6 g3 69. Rd1 g2 70. Kf2 Ke7 71. Rc1 Kd6 72. Rc7 Bc6 73. Rg7
Kd5 1-0

[Event "Eurasian Blitz Chess Cup"]
[Site "Almaty KAZ"]
[Date "2016.06.19"]
[Round "22.14"]
[White "Hou, Yifan"]
[Black "Potkin, Vladimir"]
[Result "1-0"]
[WhiteTitle "GM"]
[BlackTitle "GM"]
[WhiteElo "2663"]
[BlackElo "2597"]
[WhiteFideId "8602980"]
[BlackFideId "4131061"]
[EventDate "2016.06.18"]

1. e4 c5 2. Nf3 e6 3. d4 cxd4 4. Nxd4 Nc6 5. Nc3 Qc7 6. Be3 a6 7. Be2 b5 8. Nxc6
Qxc6 9. a3 Bb7 10. Qd2 Rc8 11. O-O Nf6 12. Bf3 Qc7 13. Bf4 e5 14. Bg5 Be7 15.
Bxf6 Bxf6 16. Rfd1 Rd8 17. Qe2 O-O 18. Nd5 Qc4 19. c3 Bc6 20. Qc2 Bg5 21. g3 g6
22. h4 Bh6 23. Be2 Qc5 24. b4 Qa7 25. a4 Qb7 26. axb5 axb5 27. Qb3 Kg7 28. Bf3
f5 29. exf5 gxf5 30. Bg2 f4 31. Be4 fxg3 32. fxg3 Be3+ 33. Kh1 Bf2 34. Rd3 Kh8
35. Qc2 Rf7 36. Qe2 Rg8 37. Rf1 Rgf8 38. Qh5 Rg7 39. Qe2 Rgf7 40. Kg2 Ba7 41.
Rxf7 Rxf7 42. Qh5 d6 43. Kh2 Qd7 44. Rf3 Qe6 45. Qxf7 1-0

[Event "Eurasian Blitz Chess Cup"]
[Site "Almaty KAZ"]
[Date "2016.06.19"]
[Round "22.15"]
[White "Kostenko, Petr"]
[Black "Dzhumagaliev, Yan"]
[Result "0-1"]
[WhiteTitle "GM"]
[BlackTitle "FM"]
[WhiteElo "2476"]
[BlackElo "2400"]
[WhiteFideId "13700669"]
[BlackFideId "24100110"]
[EventDate "2016.06.18"]

1. e4 c5 2. Nf3 d6 3. Bb5+ Nd7 4. O-O Nf6 5. Re1 a6 6. Bf1 Ne5 7. d4 Nxf3+ 8.
gxf3 cxd4 9. Qxd4 Qc7 10. c4 e5 11. Qd3 h6 12. Nc3 Be7 13. f4 O-O 14. b3 exf4
15. Bxf4 Be6 16. Rac1 Nh5 17. Be3 Bg5 18. Ne2 Bxe3 19. Qxe3 Qc5 20. Nd4 Qe5 21.
Rcd1 Rad8 22. Kh1 Kh8 23. Ne2 Qf6 24. Bg2 Bg4 25. f3 Be6 26. Rf1 Qh4 27. f4 f5
28. Nd4 Bc8 29. exf5 Bxf5 30. Bxb7 Bh3 31. f5 Rde8 32. Qd2 Bxf1 33. Rxf1 Ng3+
34. Kg2 Nxf1 35. Kxf1 Re5 36. Bg2 Rfe8 37. Nf3 Rxf5 38. Kg1 Qf6 39. Nd4 Rf4 40.
Ne2 Rf2 0-1

[Event "Eurasian Blitz Chess Cup"]
[Site "Almaty KAZ"]
[Date "2016.06.19"]
[Round "22.16"]
[White "Harika, Dronavalli"]
[Black "Dreev, Aleksey"]
[Result "0-1"]
[WhiteTitle "GM"]
[BlackTitle "GM"]
[WhiteElo "2514"]
[BlackElo "2664"]
[WhiteFideId "5015197"]
[BlackFideId "4100107"]
[EventDate "2016.06.18"]

1. c4 g6 2. Nc3 Bg7 3. g3 Nf6 4. Bg2 O-O 5. e4 d6 6. Nge2 c5 7. O-O Nc6 8. d3
Rb8 9. h3 a6 10. a4 Nd4 11. Rb1 Bd7 12. b4 Qc8 13. Kh2 Nxe2 14. Nxe2 cxb4 15.
Rxb4 b5 16. axb5 axb5 17. Be3 bxc4 18. Rxc4 Qa6 19. Rc1 Rfc8 20. Qd2 Rxc1 21.
Rxc1 Bb5 22. Rb1 Rc8 23. Bd4 e5 24. Ra1 Qc6 25. Be3 Ra8 26. Rxa8+ Qxa8 27. Nc3
Bc6 28. Qa2 Qxa2 29. Nxa2 Nd7 30. Nb4 Bb7 31. f4 Kf8 32. Nc2 Ke7 33. d4 exf4 34.
gxf4 Nf6 35. d5 Ba6 36. Nb4 Bc4 37. e5 Ne8 38. Nc6+ Kd7 39. Bf3 h5 40. Bd4 Bf8
41. Na5 Ba2 42. Be4 Nc7 43. e6+ fxe6 44. dxe6+ Nxe6 45. Be3 Bh6 46. Bxg6 Bxf4+
47. Bxf4 Nxf4 48. Bf5+ Ke7 49. Kg3 Ne2+ 0-1

[Event "Eurasian Blitz Chess Cup"]
[Site "Almaty KAZ"]
[Date "2016.06.19"]
[Round "22.17"]
[White "Gunina, Valentina"]
[Black "Savchenko, Boris"]
[Result "1-0"]
[WhiteTitle "GM"]
[BlackTitle "GM"]
[WhiteElo "2518"]
[BlackElo "2633"]
[WhiteFideId "4167570"]
[BlackFideId "4147332"]
[EventDate "2016.06.18"]

1. d4 Nf6 2. c4 e6 3. Nf3 c5 4. d5 b5 5. e4 Nxe4 6. Bd3 Nd6 7. dxe6 fxe6 8. cxb5
Bb7 9. O-O Be7 10. Bf4 O-O 11. Bg3 Nf5 12. Nc3 Nxg3 13. hxg3 a6 14. Qc2 h6 15.
Ne5 Bf6 16. Bh7+ Kh8 17. Ng6+ Kxh7 18. Nxf8+ Kg8 19. Ng6 axb5 20. Nxb5 Qb6 21.
a4 Nc6 22. Nf4 Nd4 23. Qg6 Nxb5 24. axb5 Rf8 25. Rad1 Qxb5 26. Nh5 Bxb2 27. Rb1
Qc6 28. f3 Bd4+ 29. Kh2 Rf5 30. g4 Rg5 31. Qe8+ Kh7 32. Qf7 Be5+ 33. Kh3 Bc7 34.
Nf6+ 1-0

[Event "Eurasian Blitz Chess Cup"]
[Site "Almaty KAZ"]
[Date "2016.06.19"]
[Round "22.19"]
[White "Filippov, Anton UZB"]
[Black "Arutinian, David"]
[Result "0-1"]
[WhiteTitle "GM"]
[BlackTitle "GM"]
[WhiteElo "2582"]
[BlackElo "2527"]
[WhiteFideId "14200988"]
[BlackFideId "13601741"]
[EventDate "2016.06.18"]

1. e4 c6 2. d4 d5 3. Nc3 dxe4 4. Nxe4 Bf5 5. Ng3 Bg6 6. h4 h6 7. Nf3 Nd7 8. h5
Bh7 9. Bd3 Bxd3 10. Qxd3 e6 11. Bd2 Ngf6 12. O-O-O Be7 13. Ne4 Nxe4 14. Qxe4 Nf6
15. Qd3 Ng4 16. Be3 Qd5 17. c4 Qa5 18. Kb1 O-O-O 19. Qc2 Rhe8 20. Bf4 Bd6 21.
Bxd6 Rxd6 22. Ka1 Red8 23. a3 a6 24. d5 cxd5 25. cxd5+ Kb8 26. dxe6 fxe6 27.
Rxd6 Rxd6 28. Qg6 Nxf2 29. Rc1 Nd3 30. Qe8+ Ka7 31. Rc8 Qd5 32. Ra8+ Kb6 33. Qb8
Nc5 34. Qa7+ Kb5 35. Rc8 Qd1+ 36. Ka2 Qb3+ 0-1

[Event "Eurasian Blitz Chess Cup"]
[Site "Almaty KAZ"]
[Date "2016.06.19"]
[Round "22.20"]
[White "Sanikidze, Tornike"]
[Black "Aleksandrov, Aleksej"]
[Result "0-1"]
[WhiteTitle "GM"]
[BlackTitle "GM"]
[WhiteElo "2548"]
[BlackElo "2577"]
[WhiteFideId "13602608"]
[BlackFideId "13500139"]
[EventDate "2016.06.18"]

1. d4 Nf6 2. c4 e6 3. Nf3 d5 4. Nc3 Bb4 5. cxd5 exd5 6. Bg5 h6 7. Bh4 c5 8. e3
c4 9. Be2 g5 10. Bg3 Ne4 11. Rc1 Bf5 12. O-O Bxc3 13. bxc3 O-O 14. Nd2 Nxg3 15.
fxg3 Bg6 16. e4 Nd7 17. exd5 b5 18. Bh5 Nf6 19. Bxg6 fxg6 20. a4 a6 21. axb5
axb5 22. Qc2 Kg7 23. Rce1 Nxd5 24. Rxf8 Qxf8 25. h3 Re8 26. Rxe8 Qxe8 27. Ne4
Qe7 28. Qb1 h5 29. Kh2 Ne3 30. Nd2 Qb7 31. Qe1 Qxg2# 0-1

[Event "Eurasian Blitz Chess Cup"]
[Site "Almaty KAZ"]
[Date "2016.06.19"]
[Round "22.22"]
[White "Egorov, Evgeny"]
[Black "Bologan, Viktor"]
[Result "1-0"]
[WhiteTitle "IM"]
[BlackTitle "GM"]
[WhiteElo "2387"]
[BlackElo "2654"]
[WhiteFideId "13700421"]
[BlackFideId "13900048"]
[EventDate "2016.06.18"]

1. Nc3 e5 2. Nf3 Nc6 3. d4 exd4 4. Nxd4 Bb4 5. Nxc6 Bxc3+ 6. bxc3 dxc6 7. Qd4
Nf6 8. Bg5 Be6 9. e3 h6 10. Bh4 Qe7 11. Rb1 b6 12. Be2 Bxa2 13. Qa4 Bd5 14. c4
b5 15. cxb5 O-O 16. bxc6 g5 17. Bg3 Ne4 18. Qa5 Bxc6 19. Bxc7 Rac8 20. Be5 Ba8
21. Bd4 Rxc2 22. Qxa7 Qxa7 23. Bxa7 Nc3 24. Bd3 Ra2 25. Bc5 Rd8 26. Bc4 Ra4 27.
Bb3 Rg4 28. Rc1 Rxg2 29. Rxc3 Rg4 30. Rf1 Bf3 31. Bd4 Rh4 32. Kd2 Rxh2 33. Rc7
Bh5 34. Kc3 Bg6 35. f4 gxf4 36. Rxf4 Rh1 37. Bxf7+ Bxf7 38. Rfxf7 Rc1+ 39. Kd3
Rxc7 40. Rxc7 1-0

[Event "Eurasian Blitz Chess Cup"]
[Site "Almaty KAZ"]
[Date "2016.06.19"]
[Round "22.23"]
[White "Vakhidov, Jahongir"]
[Black "Anton Guijarro, David"]
[Result "1-0"]
[WhiteTitle "GM"]
[BlackTitle "GM"]
[WhiteElo "2578"]
[BlackElo "2627"]
[WhiteFideId "14201801"]
[BlackFideId "2285525"]
[EventDate "2016.06.18"]

1. c4 Nf6 2. Nc3 e5 3. Nf3 Nc6 4. e3 d5 5. cxd5 Nxd5 6. Bb5 Nxc3 7. bxc3 Bd6 8.
d4 e4 9. Nd2 f5 10. d5 a6 11. Ba4 b5 12. dxc6 bxa4 13. Qxa4 O-O 14. Nc4 Bc5 15.
O-O Qf6 16. Ba3 Bxa3 17. Nxa3 Qg6 18. g3 Be6 19. Qa5 Rf7 20. Rfd1 h5 21. Nb5 f4
22. Nxc7 fxe3 23. fxe3 Bh3 24. Nxa8 Kh7 25. Rd5 Bg4 26. Rf1 Rxf1+ 27. Kxf1 Qxc6
28. Rxh5+ Bxh5 29. Qxh5+ Kg8 30. Nb6 Qxb6 31. Qe8+ Kh7 32. Qxe4+ Kg8 33. Qc4+
Kh8 34. Qh4+ Kg8 35. Qc4+ Kh8 36. Qd3 Qb2 37. Qd8+ Kh7 38. Qh4+ Kg8 39. Qc4+ Kh8
40. Qxa6 Qxh2 41. Qe2 Qxg3 42. c4 Qh3+ 43. Ke1 Qf5 44. Qh2+ Kg8 45. Qb8+ Kh7 46.
Qb5 Qd3 47. Qh5+ Kg8 48. Qd5+ 1-0

[Event "Eurasian Blitz Chess Cup"]
[Site "Almaty KAZ"]
[Date "2016.06.19"]
[Round "22.24"]
[White "Pak, Yevgeniy"]
[Black "Marin, Mihail"]
[Result "1/2-1/2"]
[WhiteTitle "IM"]
[BlackTitle "GM"]
[WhiteElo "2401"]
[BlackElo "2576"]
[WhiteFideId "14201712"]
[BlackFideId "1200020"]
[EventDate "2016.06.18"]

1. d4 Nf6 2. Nf3 g6 3. c4 Bg7 4. Nc3 d5 5. cxd5 Nxd5 6. e4 Nxc3 7. bxc3 c5 8.
Rb1 O-O 9. Be2 Nc6 10. d5 Ne5 11. Nxe5 Bxe5 12. O-O Bxc3 13. Rb3 Bg7 14. Rg3 e6
15. Bc4 exd5 16. Bxd5 Qc7 17. h4 Be6 18. Bxe6 fxe6 19. h5 Qf7 20. hxg6 hxg6 21.
Qg4 Be5 22. Rf3 Qe7 23. Qxg6+ Bg7 24. Rh3 Rf6 25. Qh7+ Kf7 26. Bg5 Rh8 27. Bc1
Ra8 28. Bg5 Rh8 29. Bxf6 Qxf6 30. Qxh8 Bxh8 31. Rf3 Qxf3 32. gxf3 Be5 33. Rd1
Ke7 34. Kf1 b5 35. Ke2 Bf4 36. Rb1 a6 37. a4 b4 38. Kd3 Kd6 39. Kc4 Kc6 40. Rh1
Bd2 41. Rh5 Kd6 42. Rxc5 Be1 43. e5+ Kd7 44. Kb3 Bxf2 45. Ra5 Bg3 46. Rxa6 Bxe5
47. Kxb4 Bd4 48. Kc4 Be3 49. Kd3 Bc5 50. Ke4 Bb4 51. Rb6 Bc3 52. Kd3 Ba5 53. Rb5
Bc7 54. Rb7 1/2-1/2